00723nam a2200241 a 4500001001300000003000900013005001700022008004100039020001000080082001600090100002900106245002700135260004500162300000900207500003500216505002600251650002600277700002900303902000800332942000700340952011700347999001700464nice12345678IN_TiNIC20260116014556.0050524s2002 newa grp 000 0 urd  ac15000a297.61bFAL aFalahi, Ehsanullah Fahad aImaam Ibn Jareer Tibri aNew DelhibIslamic Book Foundationc2002 a263p aincludes index and biblioraphy2 aIndex, Quranic Verses aIslam-Biography-Ulama1 aFalahi, Ehsanullah Fahad bSRS cBK 001040708StackRoom-aHMIbHMId2007-07-05g150.00l0o297.61 FALp020592r2007-07-05v150.00w2005-05-24yBK c16044d16044